000 00748nam a2200253Ia 4500
003 OSt
005 20220925222440.0
006 a|||||r|||| 00| 0
007 ta
008 220923b |||||||| |||| 00| 0 eng d
020 _a9780714832470
_c1255.98
037 _b09-10/021, 24/03/2009, INDEPENDENT PUBLISHERS GROUP
_cGeneral Book
040 _aRTL
_cRTL
_beng
041 _2eng
_aeng
082 _aY:3(N), M9
100 _aGombrich E.H.
_951567
245 0 _aStory of art.
250 _a15th
260 _aLondon
_bPhaidon Press
_c1989
300 _a688p.
_ccm.
650 _aSociology
942 _hY:3(N), M9
_cGB
_2CC
999 _c577069
_d577069